La pittura de Michelangelo / (Record no. 178444)

MARC details
000 -LEADER
campo de control de longitud fija 00783nam a2200241 i 4500
001 - NÚMERO DE CONTROL
campo de control 178444
003 - IDENTIFICADOR DE NÚMERO DE CONTROL
campo de control ES-MaACL
005 - FECHA Y HORA DE LA ÚLTIMA TRANSACCIÓN
campo de control 20240229184434.0
008 - DATOS DE LONGITUD FIJA--INFORMACIÓN GENERAL
campo de control de longitud fija 110527s1945 it f |||| |dita d
080 ## - NÚMERO DE LA CLASIFICACIÓN DECIMAL UNIVERSAL
Número de la Clasificación Decimal Universal 75 Michelangelo
100 1# - ENTRADA PRINCIPAL--NOMBRE DE PERSONA
Nombre de persona Gamba, Carlo.
9 (RLIN) 146790
245 13 - MENCIÓN DEL TÍTULO
Título La pittura de Michelangelo /
Mención de responsabilidad, etc. Carlo Gamba.
260 ## - PUBLICACIÓN, DISTRIBUCIÓN, ETC.
Lugar de publicación, distribución, etc. Novara :
Nombre del editor, distribuidor, etc. Istituto geografico De Agostini,
Fecha de publicación, distribución, etc. [1945]
300 ## - DESCRIPCIÓN FÍSICA
Extensión XLIX, 112 p. de lám. ;
Dimensiones 25 cm.
490 1# - MENCIÓN DE SERIE
Mención de serie Storia della pittura italiana ;
Designación de volumen o secuencia 6
500 ## - NOTA GENERAL
Nota general Índices.
546 ## - NOTA DE IDIOMA
Nota de lengua/lenguaje Texto en italiano.
600 04 - PUNTO DE ACCESO ADICIONAL DE MATERIA--NOMBRE DE PERSONA
Nombre de persona Michelangelo,
Fechas asociadas al nombre 1475-1564
9 (RLIN) 80912
710 2# - ENTRADA AGREGADA--NOMBRE DE ENTIDAD CORPORATIVA
Nombre de entidad corporativa o nombre de jurisdicción como elemento de entrada Istituto geografico De Agostini.
9 (RLIN) 173295
830 0# - PUNTO DE ACCESO ADICIONAL DE SERIE-TÍTULO UNIFORME
Título uniforme Storia della pittura italiana ;
Designación de volumen o secuencia 6
9 (RLIN) 190974
852 ## - LOCALIZACIÓN
Ubicación ES-MaACL
Número de control de estantería E-15210
Encuadernación Olim P-940
Holdings
Estatus retirado Estado de pérdida Estado de daño No para préstamo Biblioteca de origen Biblioteca actual Ubicación en estantería Fecha de adquisición Fuente de adquisición Total de préstamos Signatura topográfica completa Código de barras Visto por última vez Precio de reemplazo Tipo de ítem Koha
        Biblioteca del Ateneo de Madrid Biblioteca del Ateneo de Madrid Depósito 2 27/05/2011     E-15210 1187445 23/02/2023 23/02/2023 Libro impreso